Normal view
MARC view
Entry Topical Term
001 - CONTROL NUMBER
- control field: 8832
003 - CONTROL NUMBER IDENTIFIER
- control field: OSt
005 - DATE AND TIME OF LATEST TRANSACTION
- control field: 20220824083256.0
008 - FIXED-LENGTH DATA ELEMENTS
- fixed length control field: 220824|| aca||aabn | a|a d
040 ## - CATALOGING SOURCE
- Original cataloging agency: OSt
- Transcribing agency: OSt
150 ## - HEADING--TOPICAL TERM
- Topical term or geographic name entry element: ဘုရားသမိုင်း
670 ## - SOURCE DATA FOUND
- Source citation: Work cat.: (OSt): အောင်စကြာအေးဆုတောင်းပြည့်စေတီတော်၏သမိုင်းမှတ်တမ်းအကျဉ်း /, [၂၀၁၆]။